000 00409nam a2200121Ia 4500
008 200924s9999 xx 000 0 und d
020 _a978-971-980-242-6
100 _aAduana, Nick L.
245 _cNick L. Aduana
_aFinancial statements:
_bpreparation, presentation, analysis and interpretation/
260 _aManila:
_bC&E Publishing
_c2015
300 _axiv, 330 pages
_c25 cm.
650 _aFinancial statements
999 _c364471
_d364471